000 00556nam a2200157 a 4500
001 000043057
005 20201002040614.0
008 140218s2006 nyua 000 0 spa d
020 _a9780195189773
040 _aDO-SdBNP
_bspa
_cBNPHU
082 _axxxx
_bxxxx
100 1 _aHarford, Tim,
_d1973-
_970579
245 1 0 _aThe Undercover Economist :
_bexposing why the rich are rich, the poor are poor--and why you can never buy a decent used car! /
_cTim Harford.
260 _aNew York :
_bOxford University Press,
_c2006.
300 _ax, 276 p. :
_bil. ;
_c24 cm.
999 _c42546
_d42546